Vietnamese Words - Quick - Statistics

General Stats
  • This quiz has been taken 152 times
  • The average score is 4 of 5
Answer Stats
Hint Answer % Correct
Apple Táo
91%
Book Sách
89%
Egg Trứng
87%
Duck Vịt
79%
Camp Trại
72%
No matching quizzes found
Score Distribution
Percent of People with Each Score
Percentile by Number Answered
Your Score History
You have not taken this quiz